On Cyber crime & Cyber law/ (Record no. 205232)

MARC details
000 -LEADER
fixed length control field 00614nam a22001937a 4500
005 - DATE AND TIME OF LATEST TRANSACTION
control field 20240823113259.0
010 ## - LCCN (DPL NO)
LC control number ENG-141397
020 ## - INTERNATIONAL STANDARD BOOK NUMBER
International Standard Book Number 9788113874847
Terms of availability 1995.00
035 ## - SYSTEM CONTROL NUMBER
System control number EN-124929
037 ## - SOURCE OF ACQUISITION
Source of stock number/acquisition DBAD
082 ## - DEWEY DECIMAL CLASSIFICATION NUMBER
Classification number 364.168
Edition number 1
100 ## - MAIN ENTRY--PERSONAL NAME
Personal name Bajpai, G.S
245 ## - TITLE STATEMENT
Title On Cyber crime & Cyber law/
Statement of responsibility, etc By G.S.Bajpai
260 ## - PUBLICATION, DISTRIBUTION, ETC. (IMPRINT)
Place of publication, distribution, etc New Delhi
Name of publisher, distributor, etc Serials Publications
Date of publication, distribution, etc 2011
270 ## - ADDRESS
Address 4830/24, Prahlad Street, Ansari road, Daryaganj
City New Delhi
Postal code 110002
Electronic mail address serials@sify.com
Telephone number 23245225
Fax number 91-11-23272135
300 ## - PHYSICAL DESCRIPTION
Extent 628p.
Dimensions 22cm(hb)
700 ## - ADDED ENTRY--PERSONAL NAME
9 (RLIN) 70456
942 ## - ADDED ENTRY ELEMENTS (KOHA)
Source of classification or shelving scheme Dewey Decimal Classification
Item type English Books
Classification part 364.168
Call number suffix BAJ
Holdings
Withdrawn status Lost status Not for loan Collection code Home library Current library Date acquired Source of acquisition Cost, normal purchase price Full call number Barcode Copy number Cost, replacement price Koha item type
      Non-fiction Shahdara Branch Shahdara Branch 23/08/2024 DBAD 1995.00 364.168 BAJ EN-124929 1 1995.00 English Books

© Delhi Public Library
Hit Counter
free hit counter